Представление документа в формате MARC21

Поле Инд. ПП Название Значение
Тип записи a
Библиографический уровень m
001 Контрольный номер 01af8eb6-55a8-11da-855a-00c0262f1595
005 Дата корректировки 20140703140538.6
008 Кодируемые данные 051115
020 a ISBN 5-8037-0049-5
040 a Служба первич. каталог. НБ ТвГУ
041 a Код языка текста rus
080 a Индекс УДК 531.51:530.145
084 a Индекс другой классификации/Индекс ББК В315.8
090 a Полочн. индекс В315.8
x Авторский знак Ф36
100 1_ a Автор Фейнман Ричард П.
245 00 a Заглавие Фейнмановские лекции по гравитации [Электронный ресурс]
c Ответственность Р. Ф. Фейнман, Ф. Б. Мориниго, У. Г. Вагнер ; под ред. Б. Хатфилда ; введ. Дж. Прескилла, К. С.Торна ; пер. с англ. А. Ф. Захарова
260 0_ a Место издания Москва
b Издательство Янус-К
c Дата издания 2000
300 a Объем 296 с.
504 a Библиография Библиогр.: с. 284-291.
650 a Основная рубрика Физика теоретическая
650 a Основная рубрика Квантовая теория поля
650 a Основная рубрика Тяготение
x Основная подрубрика Квантовая теория
653 a Ключевые слова Гравитация
a Ключевые слова Квантовая теория гравитации
a Ключевые слова Тяготение
700 1_ a Другие авторы Мориниго Фернандо Б.
e Роль лиц авт.
700 1_ a Другие авторы Вагнер Уильям Г.
e Роль лиц авт.
700 1_ a Другие авторы Хапфилд Брайан
e Роль лиц ред.
700 1_ a Другие авторы Прескилл Джон
e Роль лиц авт. введ.
700 1_ a Другие авторы Торн Кип С.
e Роль лиц авт.
700 1_ a Другие авторы Захаров А. С.
e Роль лиц пер.
852 p Инвентарный номер 449-1-00
954 a Дата поступления на обработку 20051214